Paysages de pays - Statistiques

Statistiques générales
  • Ce quiz a été pris 72 fois
    24 depuis la dernière actualisation
  • Le résultat moyen est 11 sur 12
Statistiques - réponses
Par images Réponse % Correct
Australie
100%
États-Unis
100%
France
100%
Inde
100%
Royaume-Uni
100%
Japon
95%
Pérou
95%
Brésil
91%
Portugal
82%
Népal
77%
Thaïlande
73%
Mexique
59%
Aucun quiz correspondant
Distribution des résultats
% des personnes avec chaque résultat
Percentile par nombre de réponses
Votre historique - résultats
Vous n’avez pas pris ce quiz depuis la dernière actualisation